Direct Tax Law And Practice: With Special Reference to Tax Planning (Record no. 6422)

MARC details
000 -LEADER
fixed length control field 00506nam a22001817a 4500
005 - DATE AND TIME OF LATEST TRANSACTION
control field 20210904101128.0
008 - FIXED-LENGTH DATA ELEMENTS--GENERAL INFORMATION
fixed length control field 200522b xxu||||| |||| 00| 0 eng d
020 ## - INTERNATIONAL STANDARD BOOK NUMBER
ISBN 9789388983877
041 ## - LANGUAGE CODE
Language code of text/sound track or separate title eng
082 ## - DEWEY DECIMAL CLASSIFICATION NUMBER
Classification number 343.04 SIN
100 ## - MAIN ENTRY--AUTHOR NAME
Personal name SInghania ,Dr. Vinod K and Singhania ,Dr. Kapil
245 ## - TITLE STATEMENT
Title Direct Tax Law And Practice: With Special Reference to Tax Planning
250 ## - EDITION STATEMENT
Edition statement 62'th
260 ## - PUBLICATION, DISTRIBUTION, ETC. (IMPRINT)
Place of publication New Delhi
Name of publisher Taxman New Delhi
Year of publication 2020
300 ## - PHYSICAL DESCRIPTION
Number of Pages 1676p.
650 ## - SUBJECT ADDED ENTRY--TOPICAL TERM
Topical Term LAW
942 ## - ADDED ENTRY ELEMENTS (KOHA)
Koha item type Books
Holdings
Lost status Damaged status Collection code Home library Current library Shelving location Date acquired Source of acquisition Cost, normal purchase price Full call number Accession Number Koha item type
    Reference JRU Library JRU Library SHELF-1-D 03/06/2020 PURCHASE 1595.00 343.04 SIN 24345 Books
    LAW JRU Library   SHELF-31-E 03/06/2020 PURCHASE 1595.00 343.5404 24346 Books
    LAW JRU Library   SHELF-31-E 03/06/2020 PURCHASE 1595.00 343.5404 24347 Books